[Event "Corporation Cup 2013"]
[Site "Izhevsk RUS"]
[Date "2013.07.19"]
[Round "8.6"]
[White "Fedorov,Alex"]
[Black "Arslanov,S"]
[Result "1-0"]
[WhiteElo "2578"]
[BlackElo "2401"]

1.e4 e6 2.d4 d5 3.Nc3 Nf6 4.e5 Nfd7 5.Nce2 c5 6.c3 cxd4 7.cxd4 f6 8.exf6 Nxf6
9.Nf3 Nc6 10.Nc3 Bd6 11.Bd3 O-O 12.O-O Bd7 13.Be3 Be8 14.h3 Bh5 15.Be2 a6
16.Rc1 Bc7 17.a3 Rc8 18.b4 Ne7 19.Ne5 Bxe2 20.Nxe2 Nf5 21.Bf4 Ne4 22.Nd3 Bxf4
23.Rxc8 Qxc8 24.Ndxf4 Re8 25.Qc1 Qc4 26.Qb2 g5 27.Rc1 Qb5 28.Nh5 Rf8 29.f3 Ned6
30.Qd2 h6 31.Neg3 Qb6 32.Rc5 Nc4 33.Qf2 Qd6 34.b5 Nh4 35.a4 a5 36.Nf1 e5
37.Nd2 exd4 38.Qxd4 Nf5 39.Nxc4 dxc4 40.Qxc4+ Kh7 41.Qc2 Qg6 42.Ng3 Nd6 43.Qd2 Rf7
44.Kh2 Nf5 45.Ne4 Nh4 46.Qd3 Nf5 47.b6 Kg7 48.Qc3+ Kh7 49.Rc7 Nd6 50.Nf6+ Kg7
51.Ng4+ Kg8 52.Ne5 Rxc7 53.Qb3+  1-0

[Event "ch-AUT w 2013"]
[Site "Feldkirch AUT"]
[Date "2013.07.20"]
[Round "1.5"]
[White "Froewis,A"]
[Black "Mayrhuber,Nikola"]
[Result "1-0"]
[WhiteElo "2041"]
[BlackElo "1650"]

1.e4 e6 2.d4 d5 3.Nc3 Nf6 4.e5 Nfd7 5.f4 c5 6.Nf3 Nc6 7.Be3 cxd4 8.Nxd4 Bc5
9.Qd2 O-O 10.O-O-O a6 11.h4 Nxd4 12.Bxd4 b5 13.Rh3 Bxd4 14.Qxd4 f6 15.Nxd5 fxe5
16.fxe5 Nxe5 17.Qxe5 exd5 18.Rg3 Qf6 19.Qxd5+ Be6 20.Qg5 Rac8 21.Qxf6 Rxf6
22.a3 Rf2 23.Bd3 Bd5 24.Rd2 Rxd2 25.Kxd2 Bc4 26.Be4 Re8 27.Re3 Rd8+ 28.Kc3 a5
29.Bf5 Rd5 30.Be6+ Kf8 31.Bxd5 Bxd5 32.g3 a4 33.Kd4 Bc4 34.b3 axb3 35.cxb3 Bf1
36.Rf3+  1-0

[Event "Thracian Princess ch-BUL Open w 2013"]
[Site "Vratsa BUL"]
[Date "2013.07.20"]
[Round "8.1"]
[White "Videnova,I"]
[Black "Cosma,E"]
[Result "1/2-1/2"]
[WhiteElo "2301"]
[BlackElo "2329"]

1.e4 e6 2.d4 d5 3.Nc3 Nf6 4.e5 Nfd7 5.f4 c5 6.Nf3 Qb6 7.Be3 a6 8.a3 cxd4
9.Bxd4 Bc5 10.Na4 Qa5+ 11.b4 Qxa4 12.bxc5 Nc6 13.Be3 d4 14.Nxd4 Nxc5 15.Nxc6 Qxc6
16.Qd6 Qxd6 17.exd6 Ne4 18.Rd1 Bd7 19.Rd4 f5 20.Bd3 Nf6 21.O-O Bc6 22.c4 Kd7
23.Rb1 b5 24.c5 Rhc8 25.Rc1 Rab8 26.Bd2 Be4 27.Be2 Nd5 28.a4 Rc6 29.axb5 axb5
30.Ra1 Rxc5 31.Ra7+ Kxd6 32.Bb4 Kc6 33.Bxc5 Kxc5 34.Rd2 Nxf4 35.Rc7+ Kb4
36.Bd1 Nd5 37.Rb2+ Ka5 38.Ra7+ Kb6 39.Rxg7 Rc8 40.Be2 b4 41.Rxh7 Rc2 42.Rxc2 Bxc2
43.Bc4 b3 44.Bxb3 Bxb3 45.h4 Nf6 46.Rh8 Bd1 47.Rh6 Nh5 48.Rxe6+ Kc7 49.Re3 Bg4
50.Rd3 Nf4 51.Rd2 Kc6 52.Rd8 Kc7 53.Rd2 Kc6 54.Rd8  1/2-1/2

[Event "31st Andorra Open"]
[Site "La Massana AND"]
[Date "2013.07.22"]
[Round "3.5"]
[White "Kogan,Ar"]
[Black "Riff,JN"]
[Result "1/2-1/2"]
[WhiteElo "2570"]
[BlackElo "2427"]

1.e4 e6 2.d4 d5 3.Nc3 Nf6 4.e5 Nfd7 5.Nce2 c5 6.c3 b5 7.Nf4 Qb6 8.Nf3 Nc6
9.a3 cxd4 10.cxd4 b4 11.h4 Ba6 12.Rh3 bxa3 13.bxa3 Rb8 14.Be2 Be7 15.Rg3 g6
16.Kf1 Bxe2+ 17.Nxe2 Qb3 18.Qd2 Qa4 19.Qf4  1/2-1/2

[Event "65th ch-MNE 2013"]
[Site "Cetinje SRB"]
[Date "2013.07.23"]
[Round "4.1"]
[White "Djukic,Ni"]
[Black "Kalezic,B"]
[Result "1/2-1/2"]
[WhiteElo "2543"]
[BlackElo "2418"]

1.e4 e6 2.d4 d5 3.Nc3 Nf6 4.e5 Nfd7 5.f4 c5 6.Nf3 Be7 7.Be3 b6 8.Bd3 Nc6
9.O-O O-O 10.Nb1 cxd4 11.Nxd4 Nxd4 12.Bxd4 Nc5 13.c3 f5 14.exf6 Bxf6 15.Be2 Qd6
16.Bxf6 Rxf6 17.Qd4 Ba6 18.Bxa6 Nxa6 19.Nd2 Qc5 20.g3 Nb8 21.Qxc5 bxc5 22.c4 Nd7
23.Rad1 Nb6 24.Rc1 Rc8 25.Rfe1 Rc6 26.b3 Rf8 27.Re2 Rd8 28.Kf2 a5 29.Nf3 dxc4
30.Ne5 Rcd6 31.Nxc4 Nxc4 32.Rxc4 Rc6 33.Ke3 Kf7 34.Rd2 Rd5 35.Ra4 Ra6 36.Rd3 Ke7
37.Kd2 Kd6 38.Kc3 h5 39.Re4 h4 40.gxh4 Rb6 41.Ra4 Rb4 42.Rxa5 Rxd3+ 43.Kxd3 Rxf4  1/2-1/2

[Event "36th Taminco Open"]
[Site "Ghent BEL"]
[Date "2013.07.23"]
[Round "8.14"]
[White "Roos,Dav"]
[Black "Stone,A ENG"]
[Result "0-1"]
[WhiteElo "2073"]
[BlackElo "2190"]

1.e4 e6 2.d4 d5 3.Nc3 Nf6 4.e5 Nfd7 5.f4 c5 6.Nf3 Nc6 7.Be3 Be7 8.Qd2 O-O
9.dxc5 Bxc5 10.Nd4 Nxd4 11.Bxd4 b6 12.O-O-O Qe7 13.h4 f6 14.g4 fxe5 15.fxe5 Bxd4
16.Qxd4 Qc5 17.Qxc5 bxc5 18.Re1 a6 19.Rh2 Nxe5 20.Rxe5 Rxf1+ 21.Kd2 Bd7 22.Nd1 Rf4
23.Ne3 Rb8 24.b3 Rbb4 25.c4 dxc4 26.Nxc4 Rfxc4 27.bxc4 Rb2+ 28.Kc3 Rxh2 29.Rxc5 Rxh4
30.Rc7 Be8 31.Re7 Kf8 32.Ra7 Rxg4 33.Rxa6 h5  0-1

[Event "VIII Vladimir Dvorkovich Open"]
[Site "Taganrog RUS"]
[Date "2013.07.23"]
[Round "2.18"]
[White "Pavlov,Nikolay"]
[Black "Krivochkin,Ilya"]
[Result "0-1"]
[WhiteElo "2127"]
[BlackElo "1925"]

1.e4 e6 2.d4 d5 3.Nc3 Nf6 4.e5 Nfd7 5.f4 c5 6.Nf3 Nc6 7.Be3 Be7 8.Qd2 a6
9.Be2 b5 10.a3 Qb6 11.O-O cxd4 12.Nxd4 Nxd4 13.Bxd4 Bc5 14.Rad1 Bxd4+ 15.Qxd4 Bb7
16.Qxb6 Nxb6 17.Rd4 Bc6 18.Kf2 Ke7 19.Ke3 Rhd8 20.h3 Rac8 21.Rfd1 Be8 22.Kd2 Rc7
23.Bd3 Rdc8 24.Ne2 Nd7 25.Rf1 Nc5 26.Rc1 h6 27.g4 f6 28.exf6+ gxf6 29.b4 Na4
30.Re1 Kd6 31.Ng3 Nc3 32.h4 Bd7 33.Bg6 Rg8 34.f5 e5 35.Rd3 Rgc8 36.Nh5 Ke7
37.Kc1 Na2+ 38.Kb1 Rxc2 39.g5 hxg5 40.hxg5 Rh2 41.gxf6+ Kf8 42.Rxe5 Rc1+  0-1

[Event "VIII Vladimir Dvorkovich Open"]
[Site "Taganrog RUS"]
[Date "2013.07.24"]
[Round "3.9"]
[White "Frolov,Andrey"]
[Black "Petrov,Ar"]
[Result "0-1"]
[WhiteElo "2163"]
[BlackElo "2402"]

1.e4 e6 2.d4 d5 3.Nc3 Nf6 4.e5 Nfd7 5.f4 c5 6.Nf3 Nc6 7.Be3 Be7 8.Qd2 O-O
9.O-O-O c4 10.g4 Rb8 11.f5 b5 12.Ne2 b4 13.Nf4 Qa5 14.Kb1 Rb6 15.Ne2 c3 16.Qe1 cxb2
17.Nf4 Ba6 18.Rd3 Bxd3 19.Bxd3 b3 20.Qxa5 bxc2+ 21.Kxc2 Nxa5 22.g5 Rc8+ 23.Kb1 Ba3
24.Bc2 Rbc6 25.Ne1 Nc4 26.Nfg2 Ndb6 27.f6 Bb4 28.h4 Na3+ 29.Kxb2 Nxc2  0-1

[Event "65th ch-MNE 2013"]
[Site "Cetinje SRB"]
[Date "2013.07.25"]
[Round "6.1"]
[White "Djukic,Ni"]
[Black "Kosic,D"]
[Result "1/2-1/2"]
[WhiteElo "2543"]
[BlackElo "2490"]

1.e4 e6 2.d4 d5 3.Nc3 Nf6 4.e5 Nfd7 5.f4 c5 6.Nf3 Nc6 7.Be3 Be7 8.dxc5 Bxc5
9.Qd2 Qa5 10.a3 Bxe3 11.Qxe3 Qb6 12.Qxb6 Nxb6 13.Nb5 O-O 14.O-O-O Bd7 15.Bd3 Ne7
16.Nbd4 Na4  1/2-1/2

[Event "Maccabiah IM1 2013"]
[Site "Jerusalem ISR"]
[Date "2013.07.25"]
[Round "6.2"]
[White "Efroimski,M"]
[Black "Battaglini,G"]
[Result "1-0"]
[WhiteElo "2297"]
[BlackElo "2451"]

1.e4 e6 2.d4 d5 3.Nc3 Nf6 4.e5 Nfd7 5.f4 c5 6.Nf3 Nc6 7.Be3 Qb6 8.Na4 Qa5+
9.c3 b6 10.Bd2 c4 11.b4 Qa6 12.Nb2 Qa3 13.Nxc4 dxc4 14.Bxc4 Ba6 15.Bb3 Bd3
16.Ng5 Rc8 17.d5 exd5 18.Bxd5 Bxb4 19.Qf3 Bxc3 20.Qxd3 Ncxe5 21.fxe5 Nxe5
22.Qe3 Bxd2+ 23.Qxd2 Nd3+ 24.Kf1 O-O 25.Be4 Rfd8 26.Rd1 Rc3 27.Qf4 Qxa2 28.Bxh7+ Kf8
29.Bxd3 Rcxd3 30.Re1 Rd1 31.Nh7+ Kg8 32.Nf6+ gxf6 33.Qg4+ Kf8 34.Rxd1 Re8
35.h4 f5 36.Qf3 f4 37.h5 Re3 38.Qf2 Qb3 39.Re1 Rxe1+ 40.Qxe1 Qd3+ 41.Kg1 f3
42.Rh3 Qd4+ 43.Qf2 Qa1+ 44.Kh2 fxg2 45.Kxg2 Qg7+ 46.Rg3 Qe5 47.Qf3 Qb2+ 48.Kh3 Qb1
49.Qa3+ Ke8 50.Re3+ Kd7 51.Qd3+  1-0

[Event "Czech Open B 2013"]
[Site "Pardubice CZE"]
[Date "2013.07.25"]
[Round "7.7"]
[White "Colijn,S"]
[Black "Slagter,D"]
[Result "1-0"]
[WhiteElo "2293"]
[BlackElo "2148"]

1.e4 e6 2.d4 d5 3.Nc3 Nf6 4.e5 Nfd7 5.f4 c5 6.Nf3 Nc6 7.Be3 Qb6 8.Na4 Qa5+
9.c3 g5 10.Nxc5 Nxc5 11.dxc5 gxf4 12.b4 Nxb4 13.cxb4 Qxb4+ 14.Bd2 Qe4+ 15.Be2 Bxc5
16.Qb3 b6 17.Kf1 Qf5 18.Bd3 Qh5 19.Qa4+ Bd7 20.Qxf4 Rg8 21.h3 O-O-O 22.g4  1-0

[Event "Maccabiah IM1 2013"]
[Site "Jerusalem ISR"]
[Date "2013.07.26"]
[Round "8.3"]
[White "Alexikov,A"]
[Black "Battaglini,G"]
[Result "1-0"]
[WhiteElo "2381"]
[BlackElo "2451"]

1.e4 e6 2.d4 d5 3.Nc3 Nf6 4.e5 Nfd7 5.f4 c5 6.Nf3 Nc6 7.Be3 Qb6 8.a3 a6 9.Be2 Qa7
10.Qd2 b5 11.O-O Bb7 12.Rad1 g6 13.Rf2 Rc8 14.Bf1 b4 15.axb4 cxb4 16.Na4 Nb6
17.Nc5 a5 18.b3 Be7 19.h3 Nd7 20.Nxb7 Qxb7 21.g4 a4 22.Ra1 a3 23.f5 Qb6 24.Bd3 Na5
25.Bg5 Bxg5 26.Qxg5 h6 27.Qe3 g5 28.h4 gxh4 29.fxe6 fxe6 30.g5 Ke7 31.Nxh4 Rcg8
32.g6 Nc6 33.Rf7+ Kd8 34.Nf3 Rf8 35.Rxf8+ Rxf8 36.Rf1 a2 37.Kg2 Kc7 38.g7 Rg8
39.Qxh6 Nxd4 40.Ng5 Nxe5 41.Qf6 Qd6 42.Nf7 Ng4 43.Qxd4 Qh2+ 44.Kf3 Qh3+ 45.Ke2 Qg2+
46.Ke1 Kc6 47.Qa7 Qg3+ 48.Kd2 Rb8 49.Qa4+ Kc7 50.Qa7+ Kc6 51.Qa6+ Kc5 52.Qxa2 Qh2+
53.Be2 Nh6 54.Qa5+ Kc6 55.Qa6+ Kc5 56.Ng5 Rb6 57.Nxe6+ Kc6 58.Qc8+ Kd6 59.Qc7+  1-0

[Event "Sparkassen Open A 2013"]
[Site "Dortmund GER"]
[Date "2013.07.28"]
[Round "2.1"]
[White "Hecht,C"]
[Black "Kotainy,J"]
[Result "0-1"]
[WhiteElo "2087"]
[BlackElo "2459"]

1.e4 e6 2.d4 d5 3.Nc3 Nf6 4.e5 Ng8 5.f4 c5 6.Nf3 Nh6 7.Bd3 Nc6 8.Be3 Ng4
9.Bg1 c4 10.Be2 Be7 11.Qd2 b5 12.h3 Nh6 13.Nd1 Nf5 14.Bf2 Rb8 15.O-O h6 16.g4 Nh4
17.Ne3 Nxf3+ 18.Bxf3 b4 19.c3 O-O 20.Bd1 f6 21.Bc2 fxe5 22.fxe5 Bg5 23.Bb1 Rb7
24.Bg6 Bd7 25.Bg3 Rxf1+ 26.Rxf1 Be8 27.Bxe8 Qxe8 28.Bf4 Be7 29.Qc2 Bd8 30.Rf2 a5
31.Ng2 a4 32.a3 bxa3 33.bxa3 Rb3 34.Bc1 Na7 35.Rf3 Nb5 36.Qf2 Nxc3 37.Nf4 Ne4
38.Qe2 Bb6 39.Be3 Rxa3  0-1

[Event "9th Gazi 2013"]
[Site "Gazi GRE"]
[Date "2013.07.29"]
[Round "4"]
[White "Panagiotakos,N"]
[Black "Antic,De"]
[Result "1-0"]
[WhiteElo "2191"]
[BlackElo "2470"]

1.e4 e6 2.d4 d5 3.Nc3 Nf6 4.e5 Nfd7 5.f4 c5 6.Nf3 Nc6 7.Be3 Be7 8.Qd2 a6
9.dxc5 Nxc5 10.Qf2 Qa5 11.Bd3 Na4 12.Qg3 Nxb2 13.Bd2 g6 14.Ne4 Nxd3+ 15.cxd3 Qb5
16.Nd6+ Bxd6 17.exd6 Qxd3 18.Qh4 O-O 19.Rc1 f6 20.Rc3 Qb1+ 21.Kf2 Qb6+ 22.Kg3 d4
23.Rb3 Qd8 24.Bc1 g5 25.fxg5 Qxd6+ 26.Kf2 Qd8 27.Rd1 e5 28.Kg1 Bf5 29.Rxb7 e4
30.Qh6 Rf7 31.Rxf7 Kxf7 32.Nh4 Ke6 33.Nxf5 Kxf5 34.Rf1+ Ke6 35.Rxf6+  1-0

[Event "Politiken Cup 2013"]
[Site "Helsingor DEN"]
[Date "2013.07.29"]
[Round "4.75"]
[White "Petersen,PB"]
[Black "Andersen,Dani"]
[Result "0-1"]
[WhiteElo "2155"]
[BlackElo "1917"]

1.e4 e6 2.d4 d5 3.Nc3 Nf6 4.e5 Nfd7 5.f4 c5 6.Nf3 Nc6 7.Be3 Be7 8.Qd2 O-O
9.O-O-O c4 10.f5 b5 11.Nxb5 Re8 12.Nd6 Bxd6 13.exd6 Nf6 14.Ne5 Qb6 15.c3 Ne4
16.Qc2 Nxe5 17.Bf4 Nd7 18.g3 exf5 19.Bh3 Rb8 20.g4 fxg4 21.Bxg4 Ndf6 22.Bxc8 Rbxc8
23.Rhg1 Nxd6 24.Be5 Nde4 25.Rg2 Qa5 26.Rf1 Qxa2 27.Bxf6 Qa1+ 28.Qb1 Qxb1+
29.Kxb1 Nxf6 30.Rxf6 Re6 31.Rf5 Rd6 32.Re5 Rcd8 33.Rge2 Kf8 34.Kc2 f6 35.Re7 R6d7
36.R7e6 Rd6 37.Re7 R8d7 38.Re8+ Kf7 39.b3 cxb3+ 40.Kxb3 Rb7+ 41.Kc2 Rdb6
42.Rc8 Re7 43.Rxe7+ Kxe7 44.Kd3 h6 45.Rg8 Ke6 46.Re8+ Kf5 47.Rd8 Rb5 48.Rd7 g5
49.Rxa7 h5 50.Ra2 g4 51.Ke3 Kg5 52.Rf2 f5 53.h4+ gxh3 54.Kf3 f4 55.Re2 Rb3
56.Re5+ Kh4 57.Kxf4 Rxc3 58.Re2 Rg3 59.Rh2 Rg7 60.Rh1 h2 61.Ke5 Kh3 62.Kxd5 Rg1  0-1

[Event "Politiken Cup 2013"]
[Site "Helsingor DEN"]
[Date "2013.07.29"]
[Round "4.46"]
[White "Svedberg,H"]
[Black "Louis,T"]
[Result "0-1"]
[WhiteElo "2011"]
[BlackElo "2222"]

1.e4 e6 2.d4 d5 3.Nc3 Nf6 4.e5 Nfd7 5.f4 c5 6.Nf3 Nc6 7.Be3 cxd4 8.Nxd4 Bc5
9.Qd2 O-O 10.O-O-O Bxd4 11.Bxd4 Qa5 12.Kb1 Rb8 13.h4 b5 14.Rh3 b4 15.Ne2 Ba6
16.Rg3 Nc5 17.Bxc5 Qxc5 18.f5 g6 19.f6 Rfc8 20.Qh6 Qf8 21.Qf4 b3 22.Rxb3 Nb4
23.Nd4 Bc4 24.h5 Bxb3 25.axb3 Rb6 26.c3 Nc6 27.hxg6 Nxd4 28.gxh7+ Kh8 29.Rxd4 Rxb3
30.Qg5 Rcxc3 31.Ra4 a5 32.Ka2 Rg3 33.Qd2 Rb4 34.Rxa5 Rgb3 35.Ka1 Rxb2 36.Qd3 Rb1+
37.Ka2 R4b2+  0-1

[Event "9th Tabor Open 2013"]
[Site "Tabor CZE"]
[Date "2013.07.29"]
[Round "3.3"]
[White "Yagupov,I"]
[Black "Parak,D"]
[Result "1-0"]
[WhiteElo "2389"]
[BlackElo "2079"]

1.e4 e6 2.d4 d5 3.Nc3 Nf6 4.e5 Nfd7 5.f4 c5 6.Nf3 Nc6 7.Be3 cxd4 8.Nxd4 Nxd4
9.Bxd4 b6 10.Qd2 Bb7 11.O-O-O Bc5 12.h4 a6 13.h5 b5 14.Kb1 Qb6 15.Ne2 b4
16.Rh3 a5 17.Rg3 g6 18.Rh3 Rg8 19.hxg6 hxg6 20.g4 Ba6 21.Bxc5 Nxc5 22.Qd4 Nd7
23.Qxb6 Nxb6 24.a3 bxa3 25.Rxa3 Nc4 26.Rh3 Ke7 27.Nd4 a4 28.Bxc4 Bxc4 29.b3 axb3
30.cxb3 Ba6 31.Rc1 Rgc8 32.Rxc8 Rxc8 33.Kb2 Bf1 34.Rc3 Rxc3 35.Kxc3 f6 36.g5 fxg5
37.fxg5 Kd7 38.Kb4  1-0

[Event "Politiken Cup 2013"]
[Site "Helsingor DEN"]
[Date "2013.07.30"]
[Round "5.20"]
[White "Carstensen,J"]
[Black "Martinsen,S"]
[Result "1-0"]
[WhiteElo "2384"]
[BlackElo "2164"]

1.d4 e6 2.e4 d5 3.Nc3 Nf6 4.e5 Nfd7 5.f4 c5 6.Nf3 Nc6 7.Be3 Be7 8.Qd2 O-O
9.Be2 b6 10.O-O Bb7 11.Nd1 cxd4 12.Bxd4 Nc5 13.c3 Nxd4 14.cxd4 Ne4 15.Qe3 Qd7
16.Bd3 Rac8 17.Nf2 Nxf2 18.Rxf2 f5 19.exf6 gxf6 20.Re1 Bd6 21.Nh4 Rce8 22.Qg3+ Kh8
23.Qh3 Rf7 24.Re3 Rg7 25.Rg3 Rxg3 26.hxg3 Bc8 27.Qg4 Qg7 28.Qh5 Bd7 29.g4 Rc8
30.g5 fxg5 31.Ng6+ Kg8 32.Ne5 Bxe5 33.fxe5 h6 34.Rf6 Be8 35.Bg6 Rc1+ 36.Kh2  1-0

[Event "Sparkassen Open A 2013"]
[Site "Dortmund GER"]
[Date "2013.07.31"]
[Round "5.12"]
[White "Koenig,Ch"]
[Black "Imcke,P"]
[Result "1/2-1/2"]
[WhiteElo "2114"]
[BlackElo "1962"]

1.e4 e6 2.d4 d5 3.Nc3 Nf6 4.e5 Nfd7 5.f4 c5 6.Nf3 Nc6 7.Be3 a6 8.Qd2 b5 9.dxc5 Nxc5
10.Qf2 Nd7 11.Bd3 g6 12.O-O Bb7 13.Ne2 Rc8 14.c3 b4 15.Rfc1 bxc3 16.Rxc3 Nb4
17.Rxc8 Bxc8 18.Bb1 Qa5 19.Ned4 Nc5 20.Qd2 Ne4 21.Qc1 Bb7 22.a3 Nc5 23.Bd2 Qb6
24.Be3 Nbd3 25.Bxd3 Nxd3 26.Qc2 Qxb2 27.Qxb2 Nxb2 28.Rb1 Nc4 29.Rxb7 Nxe3
30.Ng5 Nf5 31.Nxf7 Bc5 32.Kf1 O-O 33.Ng5 Re8 34.Nxh7  1/2-1/2

[Event "Sparkassen Open A 2013"]
[Site "Dortmund GER"]
[Date "2013.08.01"]
[Round "6.1"]
[White "Kotainy,J"]
[Black "Schmittdiel,E"]
[Result "1-0"]
[WhiteElo "2459"]
[BlackElo "2435"]

1.d4 e6 2.e4 d5 3.Nc3 Nf6 4.e5 Nfd7 5.f4 c5 6.Nf3 Nc6 7.Be3 a6 8.Qd2 b5 9.a3 b4
10.axb4 cxb4 11.Na4 a5 12.Bb5 Qc7 13.O-O Ba6 14.Bxa6 Rxa6 15.f5 exf5 16.Qd3 Qc8
17.Qxf5 Ne7 18.Qd3 Qc4 19.Qd2 Nf5 20.Ng5 Nh6 21.Qf2 f6 22.e6 Nb8 23.Nh3 Ng8
24.Nc5 Bxc5 25.dxc5 Ne7 26.b3 Qb5 27.Bf4 Rxe6 28.Bd6 Nbc6 29.Nf4 Re4 30.Rae1 O-O
31.Nxd5 Rxe1 32.Qxe1 Ng6 33.Qe6+  1-0

[Event "I Vecindario GM"]
[Site "Vecindario ESP"]
[Date "2013.08.02"]
[Round "2.2"]
[White "Bressac,S"]
[Black "Rudolf,An"]
[Result "1/2-1/2"]
[WhiteElo "2231"]
[BlackElo "2301"]

1.e4 e6 2.d4 d5 3.Nc3 Nf6 4.e5 Nfd7 5.f4 c5 6.Nf3 Nc6 7.Be3 Be7 8.Qd2 O-O
9.Be2 a6 10.O-O b5 11.a3 Qb6 12.Nd1 cxd4 13.Nxd4 Nc5 14.Nc3 Rd8 15.Rad1 Bb7
16.Qe1 Ne4 17.Nxe4 dxe4 18.Qf2 Nxd4 19.Rxd4 Rxd4 20.Bxd4 Qc6 21.c3 g6 22.Qe3 a5
23.Rc1 Rc8 24.Ra1 a4 25.Bf1 Qd5 26.Re1 Qb3 27.Qe2 Bc6 28.g3 Rb8 29.Bg2 Rd8
30.Qf2 Qc4 31.Qe3 b4 32.axb4 Bxb4 33.Bf1 Qd5 34.Bb6 Ba5 35.Bxd8 Qxd8 36.Kh1 Bb6
37.Qe2 Bf2 38.Ra1 e3+ 39.Bg2 Qd5 40.Qf1 Qc5 41.Qe2 Qb6 42.Rf1 Kg7 43.g4 Kg8
44.h3 Bxg2+ 45.Kxg2 Qc6+ 46.Kh2 Qe4 47.Rxf2 exf2 48.Qxe4 f1=Q 49.Qe3 Qd1
50.Qf2 Qd3 51.Kg2 Qe4+ 52.Kg3 Qd3+ 53.Qf3 Qd2 54.Qf2  1/2-1/2

[Event "Sparkassen Open A 2013"]
[Site "Dortmund GER"]
[Date "2013.08.03"]
[Round "8.1"]
[White "Scheider,J"]
[Black "Kotainy,J"]
[Result "1/2-1/2"]
[WhiteElo "2305"]
[BlackElo "2459"]

1.e4 e6 2.d4 d5 3.Nc3 Nf6 4.e5 Nfd7 5.f4 c5 6.Nf3 Nc6 7.Be3 Rb8 8.Qd2 Qa5
9.a3 a6 10.Be2 b5 11.O-O Qc7 12.Nd1 cxd4 13.Nxd4 Bc5 14.Rc1 O-O 15.Nf2 Bb7
16.b4 Bxd4 17.Bxd4 Nxd4 18.Qxd4 Rbc8  1/2-1/2

[Event "114th US Open"]
[Site "Middleton USA"]
[Date "2013.08.04"]
[Round "9"]
[White "Keating,R"]
[Black "Feng,Roland"]
[Result "0-1"]
[WhiteElo "2085"]
[BlackElo "2099"]

1.e4 e6 2.d4 d5 3.Nc3 Nf6 4.e5 Nfd7 5.f4 a6 6.Nf3 c5 7.Be3 Nc6 8.Qd2 b5 9.Bd3 Qb6
10.dxc5 Bxc5 11.Bxc5 Nxc5 12.Ne2 b4 13.Qe3 a5 14.O-O Ba6 15.Rfd1 Na4 16.Qxb6 Nxb6
17.Ned4 Nxd4 18.Nxd4 Na4 19.Rab1 Kd7 20.Kf2 g6 21.Ke3 Rhc8 22.Rd2 Nc5 23.Nb3 Nxb3
24.axb3 Bxd3 25.Kxd3 a4 26.bxa4 Rxa4 27.g3 Rc4 28.c3 b3 29.Rdd1 Ra2 30.Ke3 Kc6
31.Rd4 Kc5 32.g4 Rxb2 33.Rxb2 Rxc3+ 34.Rd3 Kc4 35.Rd2 b2 36.Rxb2 Rxd3+ 37.Kf2 Rb3
38.Rc2+ Kd3 39.Rc7 Ke4 40.Rxf7 d4 41.f5 gxf5 42.gxf5 Rf3+ 43.Kg2 Rxf5 44.Rxh7 Kxe5
45.h4 d3 46.h5 Ke4 47.h6 Rd5 48.Re7 e5 49.h7 Rd8 50.Kf2 d2 51.Rd7 Rxd7 52.h8=Q d1=Q
53.Qa8+ Qd5 54.Qa3 Qd2+ 55.Kf1 Qd3+  0-1

[Event "Chinese Teams 2013"]
[Site "Wuxi CHN"]
[Date "2013.08.04"]
[Round "9.1"]
[White "Munguntuul,B"]
[Black "Zhang Xiaowen"]
[Result "1-0"]
[WhiteElo "2440"]
[BlackElo "2377"]

1.e4 e6 2.d4 d5 3.Nc3 Nf6 4.e5 Nfd7 5.f4 c5 6.Nf3 Be7 7.Be3 b6 8.Be2 O-O
9.O-O Nc6 10.Qd2 Bb7 11.Rae1 Rc8 12.Nd1 f6 13.c3 cxd4 14.Nxd4 Nc5 15.exf6 Rxf6
16.Nf2 Bd6 17.b4 Nd7 18.Bg4 Nxd4 19.Bxd4 Bxf4 20.Bxf6 Qxf6 21.Bxe6+ Qxe6
22.Qxf4 Qg6 23.Ng4 h5 24.Ne5 Nxe5 25.Rxe5 Rxc3 26.Rg5 Qe8 27.Re5 Qg6 28.Qf8+ Kh7
29.Re8 Kh6 30.Qh8+ Kg5 31.Re5+ Kg4 32.Qf8  1-0

[Event "XX Feria de las Flores 2013"]
[Site "Medellin COL"]
[Date "2013.08.06"]
[Round "7.23"]
[White "Cadavid,Juan Miguel"]
[Black "Montenegro,Ju"]
[Result "0-1"]
[WhiteElo "1876"]
[BlackElo "2118"]

1.e4 e6 2.d4 d5 3.Nc3 Nf6 4.e5 Nfd7 5.f4 c5 6.Nf3 Nc6 7.Be3 cxd4 8.Nxd4 Bc5
9.Qd2 O-O 10.O-O-O a6 11.Be2 Nxd4 12.Bxd4 b5 13.Bxc5 Nxc5 14.Bf3 Qb6 15.f5 Kh8
16.f6 Rg8 17.h4 b4 18.Ne2 Nd7 19.Qd4 Qxd4 20.Rxd4 a5 21.Rxd5 exd5 22.Bxd5  0-1

[Event "XI Miguel Najdorf Open A 2013"]
[Site "Warsaw POL"]
[Date "2013.08.06"]
[Round "2.22"]
[White "Warakomska,A"]
[Black "Sujkowski,P"]
[Result "0-1"]
[WhiteElo "2095"]
[BlackElo "1977"]

1.e4 e6 2.d4 d5 3.Nc3 Nf6 4.e5 Nfd7 5.f4 c5 6.Nf3 Nc6 7.Be3 Qb6 8.Qd2 Qxb2
9.Rb1 Qa3 10.Nb5 Qxa2 11.Qc1 Qa5+ 12.Bd2 Qd8 13.c4 a6 14.cxd5 axb5 15.dxc6 bxc6
16.Bd3 Be7 17.O-O g6 18.Be3 c4 19.Be4 Bb7 20.Bd2 Qc7 21.Qb2 O-O 22.Ng5 Ra3
23.Bc2 Rfa8 24.Bb4 Ra2 25.Qc3 c5 26.dxc5 Bxc5+ 27.Kh1 Bxb4 28.Rxb4 R8a3 29.Qd2 Qc6
30.Nf3 Qd5 31.Qxd5 Bxd5 32.Nd4 Rc3  0-1

[Event "22nd Kavala Open 2013"]
[Site "Kavala GRE"]
[Date "2013.08.07"]
[Round "3.19"]
[White "Ladopoulos,D"]
[Black "Vojtek,V"]
[Result "0-1"]
[WhiteElo "2051"]
[BlackElo "2298"]

1.e4 e6 2.d4 d5 3.Nc3 Nf6 4.e5 Nfd7 5.f4 c5 6.Nf3 Nc6 7.Be3 Be7 8.Qd2 O-O
9.Be2 b6 10.O-O f5 11.Nd1 cxd4 12.Nxd4 Nxd4 13.Bxd4 Nc5 14.Nf2 a5 15.Qe3 Ba6
16.Rfd1 Bxe2 17.Qxe2 Qc8 18.Rac1 Rd8 19.Nd3 Qc6 20.Bxc5 Bxc5+ 21.Kh1 Be7
22.g4 Qc4 23.gxf5 exf5 24.b3 Qe4+ 25.Qg2 Rac8 26.Rd2 Bh4 27.Rg1 Rc6 28.Re2 Rg6
29.Qxe4 dxe4 30.Nb2 Rxg1+ 31.Kxg1 Kf7 32.Nc4 Be7 33.Kg2 h6 34.Kg3 Bc5 35.a3 g5
36.b4 axb4 37.axb4 Bxb4 38.Nxb6 Bd2 39.fxg5 hxg5 40.h4 Bf4+ 41.Kg2 gxh4 42.Rf2 Be3
43.Rxf5+ Ke6 44.Rf6+ Kxe5 45.Rc6 Rd2+ 46.Kf1 Bxb6 47.Rxb6 h3 48.Kg1 Rxc2
49.Rb3 Rc1+ 50.Kh2 Kd4  0-1

[Event "22nd Kavala Open 2013"]
[Site "Kavala GRE"]
[Date "2013.08.09"]
[Round "5.17"]
[White "Ladopoulos,D"]
[Black "Markidis,K"]
[Result "1-0"]
[WhiteElo "2051"]
[BlackElo "2369"]

1.e4 e6 2.d4 d5 3.Nc3 Nf6 4.e5 Nfd7 5.Nce2 c5 6.c3 Nc6 7.Nf3 Be7 8.a3 c4
9.h4 Na5 10.Be3 Nb6 11.Nf4 h6 12.Nd2 g6 13.Qg4 Kd7 14.Qf3 Kc7 15.Ne2 Qf8
16.Nc1 Bd7 17.b4 cxb3 18.Ncxb3 Nxb3 19.Nxb3 Bc6 20.Bd3 Rc8 21.O-O Nc4 22.Qe2 Kb8
23.a4 Ka8 24.g3 g5 25.h5 f5 26.exf6 Qxf6 27.Nd2 Bd6 28.Ne4 dxe4 29.Bxc4 Bd5
30.Bxd5 exd5 31.Rfb1 Rc4 32.Rb5 Qe6 33.Rab1 Rb8 34.Qb2 b6 35.a5 Bc7 36.axb6 Bxb6
37.Qa3 Qc6 38.Qa6 Rxc3 39.Rc5 Rxc5 40.dxc5 Qb7 41.Rxb6 Qxa6 42.Rxa6 Rb1+
43.Kg2 Rd1 44.Rxh6  1-0

[Event "10th Malaysian Open"]
[Site "Kuala Lumpur MAS"]
[Date "2013.08.11"]
[Round "3.8"]
[White "Andria,L"]
[Black "Illingworth,M"]
[Result "0-1"]
[WhiteElo "1753"]
[BlackElo "2426"]

1.e4 e6 2.d4 d5 3.Nc3 Nf6 4.e5 Nfd7 5.Nce2 c5 6.c3 Nc6 7.f4 Qb6 8.Nf3 f6
9.f5 cxd4 10.fxe6 Ndxe5 11.Nf4 dxc3 12.bxc3 Ng4 13.Nd4 Nxd4 14.Qxg4 Bxe6
15.Qd1 Nf5 16.Qh5+ g6 17.Nxg6 hxg6 18.Qxh8 O-O-O 19.Qh3 Re8 20.Qd3 Bd7+ 21.Be2 Bb5
22.Qf3 Qa6 23.O-O Bc5+ 24.Kh1 Bxe2 25.Qxd5 Ng3+  0-1

[Event "22nd Kavala Open 2013"]
[Site "Kavala GRE"]
[Date "2013.08.12"]
[Round "8.6"]
[White "Pavlidis,Ant"]
[Black "Rychagov,A"]
[Result "1/2-1/2"]
[WhiteElo "2467"]
[BlackElo "2544"]

1.e4 e6 2.d4 d5 3.Nc3 Nf6 4.e5 Nfd7 5.Nce2 c5 6.c3 b5 7.Nf4 Qb6 8.Nf3 Nc6
9.Be2 Be7 10.Be3 cxd4 11.cxd4 Ba6 12.h4 b4 13.Rh3 Bxe2 14.Qxe2 b3 15.a3 Rc8
16.Rg3 O-O 17.Rd1 Na5 18.Ng5 Bxg5 19.Rxg5 f6 20.Rg3 Rf7 21.Qg4 f5 22.Qg5 Nc4
23.Bc1 a5 24.h5 Nf8 25.Ng6 Qb7 26.Nxf8 Rcxf8 27.Rdd3 f4 28.Rgf3 a4 29.Qg4 Rf5
30.Kf1 h6 31.Kg1 Qe7 32.Rh3 Qg5 33.Qf3 Qd8 34.Qe2 Qc7 35.Rc3 Qa7 36.Qd3 Qf7
37.Qf3 Qe7 38.Qe2 Qe8 39.Qf3 Qb5 40.Rh4 Qb6 41.Qd1 Qd8 42.Rhh3 R8f7 43.Qe2 Rc7
44.Qf3 Qc8 45.Qd1 Rff7 46.Qe1 f3 47.Rg3 Nxa3 48.Rxc7 Rxc7 49.Bxh6 Nc2 50.Qd2 a3
51.Bxg7 Rxg7 52.Rxg7+ Kxg7 53.Qg5+ Kf7 54.Qg6+ Ke7 55.Qg7+ Kd8 56.h6 Qd7
57.Qf8+ Kc7 58.Qc5+ Kb7 59.bxa3 Qc6 60.Qxc6+ Kxc6 61.h7 b2 62.h8=Q b1=Q+
63.Kh2 Qb7 64.Qf8 Qc7 65.Qxf3 Qh7+ 66.Kg1 Qe4 67.Qf8 Nxd4 68.Qd6+ Kb7 69.Qb4+ Kc8
70.Qf8+ Kd7 71.Qd6+ Ke8 72.Kh2 Qh4+ 73.Kg1 Qg4 74.Kh2 Qf4+ 75.Kg1 Qc1+ 76.Kh2 Qh6+
77.Kg1 Ne2+ 78.Kf1 Nf4 79.Kg1 Ne2+ 80.Kf1 Nf4 81.Kg1 Qh5 82.g3 Qg4 83.Qc6+ Ke7
84.Qc7+ Ke8 85.Qc8+ Kf7 86.Qc7+ Kg6 87.Qc2+ Kg7  1/2-1/2